Has private participation in water and sewerage improved coverage? empirical evidence from Latin America (Record no. 45390)
[ view plain ]
| 000 -LEADER | |
|---|---|
| fixed length control field | 00856nam a2200205 a 4500 |
| 008 - FIXED-LENGTH DATA ELEMENTS--GENERAL INFORMATION | |
| fixed length control field | 100709s2005 ||||||||||||||||| || u |
| 050 ## - LIBRARY OF CONGRESS CALL NUMBER | |
| Classification number | IBRD(08) |
| 100 ## - MAIN ENTRY--PERSONAL NAME | |
| Personal name | Wallsten, Scott |
| 245 10 - TITLE STATEMENT | |
| Title | Has private participation in water and sewerage improved coverage? empirical evidence from Latin America |
| Statement of responsibility, etc. | by George R. G. Clarke; Katrina Kosec; Scott Wallsten |
| 260 ## - PUBLICATION, DISTRIBUTION, ETC. | |
| Place of publication, distribution, etc. | Washington, D. C. |
| Name of publisher, distributor, etc. | World Bank |
| Date of publication, distribution, etc. | 2005 |
| 300 ## - PHYSICAL DESCRIPTION | |
| Extent | 63p.: ill |
| 350 ## - PRICE (NR) (BK AM CF MU VM SE) [OBSOLETE] | |
| Price | 0.00 |
| 490 ## - SERIES STATEMENT | |
| Series statement | Policy Research Working Paper |
| 650 ## - SUBJECT ADDED ENTRY--TOPICAL TERM | |
| Topical term or geographic name entry element | PRIVATE SECTOR COOPERATION--WATER-SUPPLY |
| 650 ## - SUBJECT ADDED ENTRY--TOPICAL TERM | |
| Topical term or geographic name entry element | SEWARAGE |
| 650 ## - SUBJECT ADDED ENTRY--TOPICAL TERM | |
| Topical term or geographic name entry element | SANITATION--DEVELOPING COUNTRIES |
| 700 ## - ADDED ENTRY--PERSONAL NAME | |
| Personal name | Clarke, George R. G |
| 700 ## - ADDED ENTRY--PERSONAL NAME | |
| Personal name | Kosec, Katrina |
| 995 ## - RECOMMENDATION 995 [LOCAL, UNIMARC FRANCE] | |
| -- | 0.00 |
| -- | CBU-MAIN LIBRARY (Kitwe) |
| -- | 1 |
| -- | 0.00 |
| -- | 1 |
| -- | AVAILABLE |
| -- | Jul 9, 2010 |
| -- | International Publications |
| Withdrawn status | Lost status | Source of classification or shelving scheme | Damaged status | Not for loan | Home library | Current library | Shelving location | Date acquired | Total Checkouts | Full call number | Barcode | Date last seen | Price effective from | Koha item type |
|---|---|---|---|---|---|---|---|---|---|---|---|---|---|---|
| CBU-MAIN LIBRARY, KITWE. | CBU-MAIN LIBRARY, KITWE. | 11/30/2022 | IBRD(08) | Z03006771 | 11/30/2022 | 11/30/2022 | MONOGRAPH |